| 000 | 00000nam##2200000za#4500 |
| 001 | 9.580853 |
| 003 | CaOODSP |
| 005 | 20210929082754 |
| 007 | cr ||||||||||| |
| 008 | 150406|2014||||xxc|||||o f|0| 0 eng|d |
| 020 | |a978-1-100-25098-4 |
| 022 | |a1705-5792 |
| 040 | |aCaOODSP|beng |
| 043 | |an-cn--- |
| 086 | 1 |aFo113-1/92-2014E-PDF |
| 110 | 1 |aCanada. |bNatural Resources Canada. |bCanadian Forest Service. |
| 245 | 10|aUsing genomics to control spruce budworm / |h[electronic resource]|c[issued by the] Laurentian Forestry Centre. |
| 260 | |aQuébec - Quebec : |bNatural Resources Canada. |c2014. |
| 300 | |a2p.|bfig., photographs |
| 490 | 1 |aBranching out from the Canadian Forest Service, Laurentian Forestry Centre|x1705-5792|v92 |
| 590 | |a15-02|b2015-01-09 |
| 775 | 08|tLa génomique au service de la lutte contre la tordeuse des bourgeons de l'épinette / |w(CaOODSP)9.607793 |
| 776 | 0#|tUsing genomics to control spruce budworm / |w(CaOODSP)9.620551 |
| 830 | #0|aBranching out from the Canadian Forest Service, Laurentian Forestry Centre,|x1705-5792|v92|w(CaOODSP)9.504686 |
| 856 | 40|ahttp://publications.gc.ca|qPDF|s3.6 MB|uhttps://publications.gc.ca/collections/collection_2015/rncan-nrcan/Fo113-1-92-2014-eng.pdf|y92 |